|
|
|
|
| LEADER |
00000nam2a2200000 4500 |
| 001 |
77718 |
| 005 |
20231031093305.0 |
| 010 |
|
|
|a 5020332895
|
| 035 |
|
|
|a (RuTPU)RU\TPU\book\83320
|
| 090 |
|
|
|a 77718
|
| 100 |
|
|
|a 20050526d2005 k y0rusy50 ca
|
| 101 |
0 |
|
|a rus
|
| 102 |
|
|
|a RU
|
| 105 |
|
|
|a a z 001zy
|
| 200 |
0 |
|
|a Т. 2: Казахстан,Тянь-Шань, Полярный Урал
|f Под ред. С. В. Руженцева, К. Е. Дегтярева
|
| 210 |
|
|
|d 2005
|
| 215 |
|
|
|a 249 с.
|c ил.
|
| 320 |
|
|
|a Библиогр.: с. 243-247
|
| 330 |
|
|
|a В сборнике представлен новый обширный фактический материал по различным проблемам строения отдельных регионов Казахстана, Северного Тянь-Шаня и Полярного Урала. Многие данные получены с помощью современных методик, таких как конодонтовая стратиграфия и изотопно-геохимические исследования, и имеют принципиальное значение для решения фундаментальных проблем эволюции окраин палеоконтинентов и поиска рудных месторождений. Для широкого круга специалистов, интересующихся вопросами тектоники Казахстана, Тянь-Шаня и Урала, проблемами эволюции активных палеоокраин, стратиграфии и палеомагнетизма.
|
| 461 |
|
1 |
|0 (RuTPU)RU\TPU\book\83483
|y 5-02-033646-7
|t Очерки по региональной тектонике
|o сборник научных трудов
|f Геологический институт
|v Т. 2: Казахстан,Тянь-Шань, Полярный Урал
|d 2005
|s Труды Геологического института РАН ; Вып. 561
|
| 610 |
1 |
|
|a региональная тектоника
|
| 610 |
1 |
|
|a Казахстан
|
| 610 |
1 |
|
|a Тянь-Шань
|
| 610 |
1 |
|
|a Полярный Урал
|
| 610 |
1 |
|
|a нижнепалеозойские комплексы
|
| 610 |
1 |
|
|a косые сдвиги
|
| 610 |
1 |
|
|a палеозойские гранитоиды
|
| 610 |
1 |
|
|a тектонические процессы
|
| 610 |
1 |
|
|a эклогиты
|
| 610 |
1 |
|
|a гранатовые амфиболиты
|
| 610 |
1 |
|
|a образование
|
| 675 |
|
|
|a 551.24
|v 3
|
| 675 |
|
|
|a 551.24(574)
|v 3
|
| 675 |
|
|
|a 551.24(470)
|v 3
|
| 702 |
|
1 |
|a Руженцев
|b С. В.
|4 340
|
| 702 |
|
1 |
|a Дегтярев
|b К. Е.
|4 340
|
| 801 |
|
1 |
|a RU
|b 63413507
|c 20050526
|g PSBO
|
| 801 |
|
2 |
|a RU
|b 63413507
|c 20050602
|g PSBO
|
| 942 |
|
|
|c BK
|